[Event "Titled Tue 20th May Early"]
[Site "chess.com INT"]
[Date "2025.05.20"]
[Round "6"]
[White "Berikkyzy Alanna"]
[Black "Bold, Andre"]
[Result "0-1"]
[WhiteTitle "WFM"]
[BlackTitle "CM"]
[WhiteElo "2104"]
[BlackElo "2235"]
[WhiteFideId "13780719"]
[BlackFideId "16208471"]
[EventDate "2025.05.20"]

1. e4 c6 2. Nf3 d5 3. Nc3 Nf6 4. e5 Ne4 5. Ne2 Qb6 6. d4 e6 7. Nfg1 f6 8. f3 Ng5
9. exf6 gxf6 10. Bxg5 fxg5 11. Qc1 Bg7 12. c3 O-O 13. Qd2 c5 14. O-O-O cxd4 15.
Nxd4 e5 16. Nb5 Be6 17. Qxg5 Nc6 18. Bd3 Rad8 19. Qh5 e4 20. fxe4 dxe4 21. Be2
Qe3+ 22. Kc2 Rxd1 23. Bxd1 Bh6 24. Ne2 Bxa2 25. Qg4+ Kh8 26. Qd7 Rd8 0-1

[Event "Titled Tue 20th May Early"]
[Site "chess.com INT"]
[Date "2025.05.20"]
[Round "6"]
[White "Kopczynski, Michal"]
[Black "Marchesich, Giovanni"]
[Result "0-1"]
[WhiteTitle "CM"]
[BlackTitle "CM"]
[WhiteElo "2225"]
[BlackElo "2219"]
[WhiteFideId "1124200"]
[BlackFideId "2824790"]
[EventDate "2025.05.20"]

1. e4 d5 2. e5 Bf5 3. d4 e6 4. g4 Be4 5. f3 Bg6 6. h4 h5 7. g5 c5 8. Bd3 Nc6 9.
Bxg6 fxg6 10. Qd3 Nge7 11. f4 cxd4 12. Nf3 Nf5 13. Nbd2 Bc5 14. Nb3 Bb6 15. Bd2
O-O 16. O-O-O a5 17. Qb5 a4 18. Nc5 Bxc5 19. Qxc5 Qe7 20. Qxe7 Nfxe7 21. a3 Rf7
22. Kb1 Raf8 23. Bc1 Nf5 24. Rhe1 Ne3 25. Rxd4 Nxd4 26. Nxd4 Ng2 27. Rd1 Nxf4
28. Bxf4 Rxf4 29. Nxe6 Rf1 30. Kc1 Rxd1+ 31. Kxd1 Re8 32. Nf4 Rxe5 33. Nxg6 Re4
34. Kd2 Kf7 35. Nh8+ Ke6 36. Ng6 Kf5 37. Nf8 Rxh4 38. g6 Rg4 39. Ke3 Rxg6 40.
Nxg6 Kxg6 41. b3 Kf5 42. bxa4 g5 43. a5 h4 44. Kd4 h3 45. Kc5 h2 46. Kb6 h1=Q
47. Kxb7 d4+ 48. Ka7 g4 49. a6 g3 50. Kb8 g2 51. a7 Qh8+ 52. Kb7 Qg7+ 53. Kb6
Qf6+ 54. Kb5 Qd8 0-1

[Event "Titled Tue 20th May Early"]
[Site "chess.com INT"]
[Date "2025.05.20"]
[Round "6"]
[White "Ebrahimi Herab, Hamidreza"]
[Black "Khodashenas, Mersad"]
[Result "1-0"]
[WhiteTitle "FM"]
[BlackTitle "IM"]
[WhiteElo "2404"]
[BlackElo "2471"]
[WhiteFideId "22512888"]
[BlackFideId "12514195"]
[EventDate "2025.05.20"]

1. d4 d5 2. c4 dxc4 3. e4 e5 4. Nf3 exd4 5. Bxc4 Nc6 6. O-O Be6 7. Bb5 Bc5 8. b4
Bb6 9. a4 a6 10. Bxc6+ bxc6 11. a5 Ba7 12. Bb2 Nf6 13. Nxd4 O-O 14. Nxc6 Qxd1
15. Rxd1 Nxe4 16. Bd4 Rfd8 17. Nxd8 Rxd8 18. Nc3 Bxd4 19. Nxe4 Rd5 20. Rac1 h5
21. Nc5 Bg4 22. Rd2 Rd6 23. h3 Bf5 24. Rcd1 Bxc5 25. bxc5 Rc6 26. Rd8+ Kh7 27.
R1d5 Kg6 28. Ra8 Be6 29. Rd3 Bc4 30. Rc3 Bb5 31. Kh2 f6 32. Rd8 h4 33. g3 hxg3+
34. Rxg3+ Kh6 35. Rh8# 1-0

[Event "Titled Tue 20th May Early"]
[Site "chess.com INT"]
[Date "2025.05.20"]
[Round "6"]
[White "Scheglov, Gleb"]
[Black "Sahbudak, Baris Cinar"]
[Result "1-0"]
[WhiteTitle "FM"]
[BlackTitle "CM"]
[WhiteElo "2318"]
[BlackElo "2072"]
[WhiteFideId "34356266"]
[BlackFideId "26351633"]
[EventDate "2025.05.20"]

1. f4 d5 2. Nf3 c5 3. g3 Nc6 4. Bg2 Nf6 5. O-O g6 6. d3 Bg7 7. Nbd2 d4 8. Ne4
Nxe4 9. dxe4 e5 10. f5 gxf5 11. exf5 Bf6 12. Nd2 Qe7 13. Ne4 Bd7 14. c3 O-O-O
15. cxd4 Nxd4 16. e3 Nc6 17. Qd6 Qxd6 18. Nxd6+ Kc7 19. Nxf7 Nb4 20. Nxh8 Rxh8
21. Bd2 Nd3 22. b3 b5 23. Be4 Nb4 24. Rac1 Kb6 25. Bxb4 cxb4 26. Rfd1 Bg5 27.
Rd6+ Ka5 28. Rc7 Bxe3+ 29. Kg2 Bc8 30. f6 Bb6 31. Re7 Bc5 32. Rd5 Bxe7 33. fxe7
Bb7 34. Rd8 Bxe4+ 35. Kf2 Rxd8 1-0

[Event "Titled Tue 20th May Early"]
[Site "chess.com INT"]
[Date "2025.05.20"]
[Round "6"]
[White "Rosen, Eric"]
[Black "Maycock Bates, David Henry"]
[Result "1-0"]
[WhiteTitle "IM"]
[BlackTitle "CM"]
[WhiteElo "2377"]
[BlackElo "2274"]
[WhiteFideId "2032562"]
[BlackFideId "5142547"]
[EventDate "2025.05.20"]

1. d4 Nf6 2. Bf4 d6 3. Nc3 g6 4. e4 Bg7 5. Qd2 c6 6. O-O-O b5 7. f3 Nbd7 8. Bh6
Bxh6 9. Qxh6 b4 10. Nce2 Qa5 11. Kb1 Nb6 12. Nc1 Be6 13. Nge2 Na4 14. Nb3 Qc7
15. Nf4 Bxb3 16. axb3 Nb6 17. Ba6 Nbd7 18. e5 dxe5 19. dxe5 Nxe5 20. Rhe1 Rg8
21. Rxe5 Qxe5 22. Bb7 Rd8 23. Bxc6+ Nd7 24. Nd3 Qf6 25. Ba4 1-0

[Event "Titled Tue 20th May Early"]
[Site "chess.com INT"]
[Date "2025.05.20"]
[Round "6"]
[White "Mayaud, Raphael"]
[Black "Vargas Benavides, Mauricio"]
[Result "0-1"]
[WhiteTitle "CM"]
[BlackTitle "FM"]
[WhiteElo "2126"]
[BlackElo "1935"]
[WhiteFideId "627151"]
[BlackFideId "4404572"]
[EventDate "2025.05.20"]

1. d4 Nf6 2. Bg5 d5 3. Bxf6 gxf6 4. e3 e5 5. c4 exd4 6. Qxd4 c6 7. cxd5 cxd5 8.
Nc3 Be6 9. O-O-O Nc6 10. Qh4 Be7 11. Kb1 Qa5 12. Qa4 Qxa4 13. Nxa4 O-O 14. Ne2
Bf5+ 15. Ka1 Bc2 16. Nac3 Bxd1 17. Nxd1 Rfd8 18. Nd4 Nxd4 19. exd4 Rac8 20. Nc3
Bb4 21. Be2 Bxc3 22. bxc3 Rxc3 23. Kb2 Rdc8 24. Bd1 Rd3 25. Re1 Rd2+ 26. Ka3 Rc1
27. Re8+ Kg7 28. Bb3 Rxd4 29. Re7 b5 30. Rxa7 Rf1 31. Rb7 Rxf2 32. Rxb5 Rxg2 33.
Bxd5 Rxh2 34. Bb3 h5 35. Rb7 Rhd2 36. Rxf7+ Kg6 37. Rf8 h4 38. Rh8 f5 39. Rg8+
Kf6 40. Rc8 h3 41. Rc6+ Kg5 42. Bf7 h2 43. Rg6+ Kf4 44. Rh6 R4d3+ 45. Bb3 Rg3
46. Rh4+ Rg4 47. Rh3 Rg1 0-1

[Event "Titled Tue 20th May Early"]
[Site "chess.com INT"]
[Date "2025.05.20"]
[Round "6"]
[White "Terron Elena, Francisco M."]
[Black "Dawda Vihaan"]
[Result "1/2-1/2"]
[WhiteTitle "FM"]
[BlackTitle "CM"]
[WhiteElo "2148"]
[BlackElo "2227"]
[WhiteFideId "2210576"]
[BlackFideId "25681834"]
[EventDate "2025.05.20"]

1. e4 c5 2. Nf3 d6 3. d4 cxd4 4. Nxd4 Nf6 5. Nc3 a6 6. g3 e5 7. Nde2 Be7 8. Bg2
Be6 9. O-O Nbd7 10. h3 b5 11. a4 b4 12. Nd5 Nxd5 13. exd5 Bf5 14. c4 bxc3 15.
Nxc3 O-O 16. Be3 Rb8 17. Qe2 Qa5 18. g4 Bg6 19. f4 exf4 20. Bxf4 Rfe8 21. Qf2
Nc5 22. Bg3 Nd3 23. Qa7 Nxb2 24. Ne4 Qd8 25. Qxa6 Bxe4 26. Bxe4 Bf6 27. Rae1 Rb6
28. Qe2 Re7 29. a5 Rb4 30. Qf3 Qxa5 31. Bxh7+ Kxh7 32. Rxe7 Bxe7 33. Qf5+ Kh8
34. Qh5+ Kg8 35. Qxf7+ Kh8 36. Qh5+ Kg8 37. Qf7+ Kh8 38. Qh5+ Kg8 39. Qf7+ 1/2-1/2

[Event "Titled Tue 20th May Early"]
[Site "chess.com INT"]
[Date "2025.05.20"]
[Round "6"]
[White "Nitish, Belurkar"]
[Black "Kavutskiy, Kostya"]
[Result "1-0"]
[WhiteTitle "IM"]
[BlackTitle "IM"]
[WhiteElo "2454"]
[BlackElo "2356"]
[WhiteFideId "5084768"]
[BlackFideId "2026384"]
[EventDate "2025.05.20"]

1. d4 Nf6 2. Nf3 g6 3. Bg5 Bg7 4. Nbd2 O-O 5. e4 d6 6. Bc4 c5 7. dxc5 dxc5 8. c3
Nc6 9. O-O Qc7 10. Re1 h6 11. Bh4 Na5 12. Be2 Nh5 13. Qc2 b6 14. Nf1 Bb7 15. Ne3
Rad8 16. Rad1 Rxd1 17. Rxd1 Rd8 18. Nd5 Bxd5 19. exd5 Nb7 20. c4 Nd6 21. Bd3 Nf4
22. Re1 Bf6 23. Bxf6 exf6 24. Bf1 Nh5 25. Qd2 Kh7 26. g4 Ng7 27. Qf4 f5 28. g5
h5 29. h4 Re8 30. Re3 Rxe3 31. fxe3 Nge8 32. Bd3 Qe7 33. Kf2 Ne4+ 34. Bxe4 fxe4
35. Ne5 Nd6 36. b3 Kg7 37. Nc6 Qc7 38. Qf6+ Kg8 39. Ne7+ Kf8 40. Nxg6+ Ke8 41.
Qh8+ Kd7 42. Ne5+ Ke7 43. Qf6+ Ke8 44. g6 fxg6 45. Qxg6+ Kd8 46. Qxd6+ Qxd6 47.
Nf7+ Ke7 48. Nxd6 Kxd6 49. Kg3 Ke5 50. d6 Kxd6 51. Kf4 1-0

[Event "Titled Tue 20th May Early"]
[Site "chess.com INT"]
[Date "2025.05.20"]
[Round "6"]
[White "Jake Shanty"]
[Black "Dambaev, Dashi"]
[Result "1-0"]
[WhiteTitle "FM"]
[BlackTitle "CM"]
[WhiteElo "2252"]
[BlackElo "2211"]
[WhiteFideId "33478066"]
[BlackFideId "55628494"]
[EventDate "2025.05.20"]

1. Nf3 Nf6 2. b3 g6 3. Bb2 Bg7 4. g3 O-O 5. Bg2 d5 6. O-O c5 7. e3 Nc6 8. d4 b6
9. dxc5 bxc5 10. Nbd2 Ba6 11. c4 Rb8 12. Ne5 Nxe5 13. Bxe5 Rb6 14. Re1 e6 15.
cxd5 exd5 16. Rc1 Qe7 17. Bxf6 Bxf6 18. Bxd5 Rd8 19. Nc4 Rbb8 20. Qf3 Rxd5 21.
Qxd5 Bb7 22. Qd6 Qe4 23. Qxb8+ Kg7 24. Kf1 Qd3+ 25. Kg1 Qe4 26. Qxb7 Qxb7 27.
Nd6 Qd7 28. Ne4 Be7 29. Nxc5 Qd2 30. Ne4 Qxa2 31. Rc7 Bd8 32. Rd7 Bg5 33. Nxg5
Qa5 34. Rxf7+ Kh6 35. Rxh7+ Kxg5 36. h4+ Kg4 37. Rd1 Kh3 38. h5 1-0

[Event "Titled Tue 20th May Early"]
[Site "chess.com INT"]
[Date "2025.05.20"]
[Round "6"]
[White "Tiitta, Sauli"]
[Black "Luong Phuong Hanh"]
[Result "0-1"]
[BlackTitle "WIM"]
[WhiteElo "2157"]
[BlackElo "2144"]
[WhiteFideId "502251"]
[BlackFideId "12401013"]
[EventDate "2025.05.20"]

1. g4 Nc6 2. d4 d5 3. h3 h5 4. g5 h4 5. Bg2 Bf5 6. Nf3 e6 7. O-O Bd6 8. Re1 Nge7
9. Nc3 Ng6 10. e4 dxe4 11. Nxe4 Bxe4 12. Rxe4 Nce7 13. c3 c6 14. Qe2 Qc7 15. Ne5
Bxe5 16. dxe5 O-O 17. Be3 Rad8 18. c4 b6 19. b3 Nf5 20. Re1 c5 21. Bf3 Nxe5 22.
Bg4 Nd3 23. Rd1 Nxe3 24. Rxd3 Nxg4 25. Rxg4 Rxd3 26. Qxd3 Rd8 27. Qe2 Qe7 28. g6
f5 29. Rf4 Qg5+ 30. Kh1 Qxf4 31. Qxe6+ Kh8 32. Qe7 Qf3+ 33. Kh2 Qxf2+ 34. Kh1
Rd1+ 35. Qe1 Rxe1# 0-1

[Event "Titled Tue 20th May Early"]
[Site "chess.com INT"]
[Date "2025.05.20"]
[Round "6"]
[White "Tari, Aryan"]
[Black "Priasmoro, Novendra"]
[Result "0-1"]
[WhiteTitle "GM"]
[BlackTitle "GM"]
[WhiteElo "2636"]
[BlackElo "2437"]
[WhiteFideId "1510045"]
[BlackFideId "7105029"]
[EventDate "2025.05.20"]

1. e4 c5 2. Nc3 Nc6 3. f4 g6 4. Nf3 Bg7 5. Bb5 Nd4 6. O-O Nxb5 7. Nxb5 d5 8.
exd5 a6 9. Nc3 Nf6 10. Ne5 Nxd5 11. Qf3 Nb4 12. Qd1 O-O 13. d3 Nd5 14. Ne4 b6
15. Bd2 Bb7 16. Qe2 Rc8 17. a3 b5 18. Rae1 e6 19. Kh1 Qe7 20. c4 Nf6 21. Bc3
Nxe4 22. dxe4 b4 23. Bd2 Rfd8 24. axb4 cxb4 25. b3 Rd4 26. Qf2 Rxe4 27. Rxe4
Bxe4 28. Ra1 Qb7 29. h3 Rd8 30. Be3 h5 31. Kh2 Bf6 32. Bb6 Rd6 33. c5 Bxe5 34.
cxd6 Bxa1 35. Bd4 Bxd4 36. Qxd4 Bd5 37. f5 exf5 38. Qf6 Be6 39. Kg3 Qd5 0-1

[Event "Titled Tue 20th May Early"]
[Site "chess.com INT"]
[Date "2025.05.20"]
[Round "6"]
[White "Iunusov, Nuriddin"]
[Black "Coe, William"]
[Result "1-0"]
[WhiteTitle "CM"]
[WhiteElo "1953"]
[BlackElo "2078"]
[WhiteFideId "13803026"]
[BlackFideId "30913624"]
[EventDate "2025.05.20"]

1. d4 Nf6 2. Nf3 e6 3. g3 c5 4. c4 cxd4 5. Nxd4 a6 6. Bg2 Nc6 7. O-O Be7 8. b3
O-O 9. Bb2 d5 10. cxd5 exd5 11. Nc3 Nxd4 12. Qxd4 Be6 13. Rfd1 Rc8 14. Rac1 Bc5
15. Qd2 Qa5 16. Nxd5 Qxd2 17. Nxf6+ gxf6 18. Rxd2 Rfd8 19. Rxd8+ Rxd8 20. Bc3 b6
21. h4 Bg4 22. Bxf6 Rd2 23. b4 Bxb4 24. Bf3 Be6 25. Rc7 h6 26. Rb7 Rd1+ 27. Kg2
Rc1 28. Rxb6 a5 29. a4 Ra1 30. Rb8+ Kh7 31. Be4+ 1-0

[Event "Titled Tue 20th May Early"]
[Site "chess.com INT"]
[Date "2025.05.20"]
[Round "6"]
[White "Murawski, Jan"]
[Black "Kim, Sergey"]
[Result "0-1"]
[WhiteTitle "CM"]
[BlackTitle "FM"]
[WhiteElo "2191"]
[BlackElo "2295"]
[WhiteFideId "21009287"]
[BlackFideId "13700570"]
[EventDate "2025.05.20"]

1. c4 Nf6 2. Nc3 g6 3. d4 Bg7 4. e4 d6 5. Be2 O-O 6. Bg5 Nbd7 7. g4 e5 8. d5 h6
9. Be3 Nc5 10. f3 a5 11. h4 Ne8 12. h5 a4 13. Qd2 g5 14. Nh3 f6 15. Nf2 Bd7 16.
O-O c6 17. Rab1 Nc7 18. b4 axb3 19. axb3 cxd5 20. cxd5 b5 21. b4 Na4 22. Rfc1
Qb8 23. Qc2 Rc8 24. Qb3 Bf8 25. Bd1 Kg7 26. Ra1 Qb7 27. Nd3 Na6 28. Nxa4 bxa4
29. Qa3 Bb5 30. Rxc8 Qxc8 31. Rc1 Qb7 32. Nb2 Be8 33. Bd2 Qb6+ 34. Kg2 Qd4 35.
Qe3 Qxb2 0-1

[Event "Titled Tue 20th May Early"]
[Site "chess.com INT"]
[Date "2025.05.20"]
[Round "6"]
[White "Swara Lakshmi S Nair"]
[Black "Gutierrez Olivares, Daniel"]
[Result "0-1"]
[WhiteTitle "WCM"]
[BlackTitle "FM"]
[WhiteElo "2178"]
[BlackElo "2354"]
[WhiteFideId "25629239"]
[BlackFideId "2264005"]
[EventDate "2025.05.20"]

1. e4 e6 2. d4 d5 3. Nd2 Nf6 4. e5 Nfd7 5. c3 c5 6. Bd3 Nc6 7. Ne2 cxd4 8. cxd4
f6 9. exf6 Qxf6 10. Nf3 Bd6 11. O-O h6 12. Ng3 O-O 13. a3 Rf7 14. b4 Nf8 15. Nh5
Qd8 16. Re1 a6 17. Bd2 Nxd4 18. Nxd4 Qh4 19. Bf4 Bxf4 20. g3 Qg5 21. h4 Qd8 22.
Nxf4 Qd6 23. Ng6 Nxg6 24. Bxg6 Rf6 25. Bc2 e5 26. Ne2 Bg4 27. Qd3 Qb6 28. Qxd5+
Kh8 29. Qg2 Raf8 30. Nd4 Qxd4 31. Re4 Qxa1+ 32. Kh2 Bf3 0-1

[Event "Titled Tue 20th May Early"]
[Site "chess.com INT"]
[Date "2025.05.20"]
[Round "6"]
[White "Bratovic, Blaz"]
[Black "Bashirli, Saadat"]
[Result "1-0"]
[WhiteTitle "IM"]
[BlackTitle "WCM"]
[WhiteElo "2319"]
[BlackElo "1941"]
[WhiteFideId "14603551"]
[BlackFideId "13429990"]
[EventDate "2025.05.20"]

1. e4 c5 2. Nf3 Nc6 3. Bb5 d6 4. O-O Bd7 5. Re1 Nf6 6. c3 a6 7. Bf1 Bg4 8. h3
Bxf3 9. Qxf3 g6 10. d3 Bg7 11. Nd2 O-O 12. g3 d5 13. Qe2 dxe4 14. dxe4 Qc7 15.
Nc4 b5 16. Ne3 Rfd8 17. Bg2 e6 18. e5 Nd5 19. Nxd5 exd5 20. e6 Qe7 21. Bf4 Rac8
22. Rad1 fxe6 23. Qxe6+ Qxe6 24. Rxe6 Kf7 25. Rd6 Rxd6 26. Bxd6 d4 27. Bd5+ Kf6
28. Bxc5 dxc3 29. bxc3 Bh6 30. Re1 Na5 31. Re6+ Kg7 32. Bd4+ Kf8 33. Rxa6 Nc4
34. Ra7 Nd6 35. Rxh7 1-0

[Event "Titled Tue 20th May Early"]
[Site "chess.com INT"]
[Date "2025.05.20"]
[Round "6"]
[White "Nielsen-Refs, Karl-Emil Elmer"]
[Black "Lukiyanchuk, Vladislav"]
[Result "0-1"]
[WhiteTitle "CM"]
[WhiteElo "2095"]
[BlackElo "2299"]
[WhiteFideId "1452797"]
[BlackFideId "14127113"]
[EventDate "2025.05.20"]

1. d4 Nf6 2. Nf3 e6 3. Bf4 b6 4. e3 Bb7 5. Bd3 Be7 6. Nbd2 O-O 7. O-O d5 8. c3
c5 9. Ne5 Nc6 10. Ndf3 h6 11. h3 Bd6 12. Qe2 Ne7 13. Rad1 Qc7 14. Bb1 Ne4 15.
Nh2 f6 16. Qg4 Bc8 17. Bxh6 Nf5 18. Bxe4 Nxh6 19. Qh5 dxe4 20. Neg4 Nxg4 21.
Nxg4 f5 22. Nh2 Bxh2+ 23. Kh1 Bd6 24. Qg6 Qf7 25. Qg3 Bxg3 26. fxg3 0-1

[Event "Titled Tue 20th May Early"]
[Site "chess.com INT"]
[Date "2025.05.20"]
[Round "6"]
[White "Koridze, Lile"]
[Black "Fernandes, Rogerio Paulo Muller"]
[Result "0-1"]
[WhiteTitle "WFM"]
[WhiteElo "2110"]
[BlackElo "2241"]
[WhiteFideId "13612514"]
[BlackFideId "2101599"]
[EventDate "2025.05.20"]

1. d4 Nf6 2. c4 c5 3. d5 b5 4. cxb5 a6 5. bxa6 Bxa6 6. Nc3 d6 7. e4 Bxf1 8. Kxf1
g6 9. g3 Bg7 10. Kg2 O-O 11. Nf3 Nbd7 12. Qe2 Ng4 13. Nd2 h5 14. Nc4 Nge5 15.
Ne3 Nb6 16. a4 Ra5 17. f4 Ned7 18. Bd2 Qa8 19. Nc4 Nxc4 20. Qxc4 Nb6 21. Qb3 Rb8
22. Qc2 Nc4 23. Rhb1 Nxd2 24. Qxd2 Bxc3 25. bxc3 Rxb1 26. Rxb1 Rxa4 27. Qc2 Ra2
28. Rb2 Rxb2 29. Qxb2 Qa4 30. Qb1 Qc4 31. Qc2 Kg7 32. Kf3 Qf1+ 33. Qf2 Qh1+ 34.
Qg2 Qc1 35. c4 Qxc4 36. Qb2+ f6 37. Qb7 Qd3+ 38. Kf2 Qxe4 39. Qd7 h4 40. Qh3
hxg3+ 41. hxg3 Qxd5 42. Qd7 Qe4 43. Qc7 c4 44. Qc8 Qd4+ 45. Kg2 c3 46. Qc7 Qe3
47. Qc8 Qe2+ 48. Kh3 c2 49. Qc7 Kf7 50. Qc8 Qf1+ 0-1

[Event "Titled Tue 20th May Early"]
[Site "chess.com INT"]
[Date "2025.05.20"]
[Round "6"]
[White "Shevchenko, Yaroslav"]
[Black "Modric, Nesa"]
[Result "1-0"]
[BlackTitle "CM"]
[WhiteElo "2137"]
[BlackElo "2088"]
[WhiteFideId "34144684"]
[BlackFideId "922579"]
[EventDate "2025.05.20"]

1. e4 c6 2. d4 d5 3. Nd2 dxe4 4. Nxe4 Nf6 5. Nxf6+ gxf6 6. c3 e6 7. Ne2 Bd6 8.
Bf4 Qc7 9. Bxd6 Qxd6 10. Ng3 f5 11. Nh5 Nd7 12. Qd2 h6 13. O-O-O b6 14. Be2 Bb7
15. Rhe1 O-O-O 16. Bf3 c5 17. Bxb7+ Kxb7 18. Qe3 Rhg8 19. Qf3+ Qc6 20. d5 exd5
21. Rxd5 Rg5 22. Re7 Kc8 23. Nf6 f4 24. Rdxd7 Qxf3 25. gxf3 Rxd7 26. Rxd7 Rf5
27. Rxf7 Rg5 28. Ne4 Rg2 29. h4 1-0

[Event "Titled Tue 20th May Early"]
[Site "chess.com INT"]
[Date "2025.05.20"]
[Round "6"]
[White "Pham, Le Thao Nguyen"]
[Black "Fieberg, Samuel"]
[Result "1-0"]
[WhiteTitle "IM"]
[BlackTitle "FM"]
[WhiteElo "2388"]
[BlackElo "2157"]
[WhiteFideId "12401226"]
[BlackFideId "12901717"]
[EventDate "2025.05.20"]

1. d4 e6 2. Nf3 d5 3. Bf4 Bd6 4. Bg3 Nf6 5. e3 O-O 6. Nbd2 b6 7. Bd3 Ba6 8. O-O
Bxd3 9. cxd3 Bxg3 10. hxg3 c5 11. Rc1 Nbd7 12. Qa4 Qe7 13. Rc2 cxd4 14. Nxd4 Nc5
15. Qa3 Rfe8 16. Rfc1 e5 17. Nc6 Qe6 18. b4 Qxc6 19. bxc5 b5 20. Qa5 d4 21. e4
Nd7 22. a4 a6 23. f4 Nf6 24. fxe5 Ng4 25. Nf3 Qh6 26. Qd2 Qxd2 27. Rxd2 Rad8 28.
axb5 axb5 29. c6 Nxe5 30. c7 Rc8 31. Nxd4 b4 32. Nb5 h5 33. Nd6 b3 34. Nxe8 b2
35. Rxb2 Nxd3 36. Rb8 1-0

[Event "Titled Tue 20th May Early"]
[Site "chess.com INT"]
[Date "2025.05.20"]
[Round "6"]
[White "Shokirjonova, Barchinoy"]
[Black "Kaminska, Zuzanna"]
[Result "1-0"]
[WhiteTitle "WFM"]
[BlackTitle "WCM"]
[WhiteElo "2043"]
[BlackElo "1900"]
[WhiteFideId "14212307"]
[BlackFideId "21067210"]
[EventDate "2025.05.20"]

1. d4 b6 2. e4 Bb7 3. Nd2 c5 4. d5 d6 5. c4 Nd7 6. f4 Ngf6 7. Ngf3 e6 8. Bd3
exd5 9. exd5 Be7 10. O-O O-O 11. b3 Re8 12. Bb2 h6 13. Qc2 Qc7 14. Rae1 Bf8 15.
Nh4 g6 16. Bxg6 fxg6 17. Qxg6+ Bg7 18. Nf5 Nf8 19. Nxh6+ Kh8 20. Nf7+ Kg8 21.
Nh6+ Kh8 22. Qg5 N8h7 23. Qh4 Bxh6 24. Qxh6 Qg7 25. Qh4 Rg8 26. Rf2 Rae8 27. Ne4
Rgf8 28. Rfe2 Bc8 29. Nxf6 Rxe2 30. Rxe2 Rxf6 31. Re8+ 1-0

[Event "Titled Tue 20th May Early"]
[Site "chess.com INT"]
[Date "2025.05.20"]
[Round "6"]
[White "Plat, Vojtech"]
[Black "Dann, Matthias"]
[Result "1-0"]
[WhiteTitle "GM"]
[BlackTitle "IM"]
[WhiteElo "2482"]
[BlackElo "2446"]
[WhiteFideId "325740"]
[BlackFideId "24638056"]
[EventDate "2025.05.20"]

1. e4 c5 2. Nf3 d6 3. c3 Nf6 4. Bc4 e6 5. Qe2 Be7 6. O-O O-O 7. Re1 a6 8. d4 b5
9. Bd3 Bb7 10. dxc5 dxc5 11. Bf4 Nbd7 12. Nbd2 c4 13. Bc2 Nc5 14. Rad1 Qb6 15.
Be3 Qc7 16. Bd4 Rfd8 17. h3 Rac8 18. Qe3 Nfd7 19. e5 Nf8 20. Nf1 Rd5 21. Ng3
Rcd8 22. Ne4 Ncd7 23. Nd6 Bxd6 24. exd6 Qxd6 25. Be4 Re8 26. Bxd5 Bxd5 27. Ne5
Ng6 28. Nxd7 Qxd7 29. Qg3 Qc6 30. h4 h5 31. Be3 Be4 32. Rd4 Bd3 33. Rd6 Qa8 34.
Bd4 Qb7 35. Rb6 Qa8 36. f3 Qc8 37. Bf2 Nf8 38. Qd6 Bg6 39. Rxa6 Rd8 40. Qc6 Qb8
41. Qb6 Qc8 42. Qxb5 Rd2 43. Rb6 1-0

[Event "Titled Tue 20th May Early"]
[Site "chess.com INT"]
[Date "2025.05.20"]
[Round "6"]
[White "Barria Zuniga, Daniel"]
[Black "Tahbaz, Arash"]
[Result "1-0"]
[WhiteTitle "IM"]
[BlackTitle "IM"]
[WhiteElo "2341"]
[BlackElo "2462"]
[WhiteFideId "3400816"]
[BlackFideId "12528846"]
[EventDate "2025.05.20"]

1. d4 g6 2. c4 Bg7 3. e4 d6 4. Nf3 Bg4 5. Be2 Nc6 6. Be3 e5 7. d5 Bxf3 8. Bxf3
Nd4 9. Bxd4 exd4 10. Nd2 Ne7 11. O-O c5 12. Bg4 O-O 13. f4 f5 14. exf5 Nxf5 15.
Bxf5 Rxf5 16. Ne4 Qf8 17. g3 h6 18. Qd3 Re8 19. Rae1 Kh8 20. h4 Rf7 21. Re2 Rfe7
22. Rfe1 Qf5 23. Kg2 b5 24. b3 b4 25. Kf3 a5 26. Nf2 Rxe2 27. Rxe2 Rxe2 28. Kxe2
Qf7 29. Qe4 h5 30. Kf3 a4 31. Qe6 Qa7 32. Qxg6 axb3 33. axb3 Kg8 34. Qe8+ Bf8
35. Ne4 Qa2 36. Qg6+ 1-0

[Event "Titled Tue 20th May Early"]
[Site "chess.com INT"]
[Date "2025.05.20"]
[Round "6"]
[White "Logachiov, Aleksandr"]
[Black "Namitbir, Singh Walia"]
[Result "1-0"]
[WhiteTitle "CM"]
[BlackTitle "FM"]
[WhiteElo "2129"]
[BlackElo "2335"]
[WhiteFideId "24123706"]
[BlackFideId "35071068"]
[EventDate "2025.05.20"]

1. Nf3 d5 2. d4 Nf6 3. c4 c6 4. Nc3 e6 5. Bg5 dxc4 6. e4 b5 7. e5 h6 8. Bh4 g5
9. Nxg5 hxg5 10. Bxg5 Nbd7 11. exf6 Bb7 12. g3 Qb6 13. Bg2 O-O-O 14. O-O Bh6 15.
Ne4 Ne5 16. Bxh6 Rxh6 17. dxe5 Rxd1 18. Raxd1 Qc7 19. Rd6 Rh5 20. f4 Qb6+ 21.
Kh1 Qe3 22. Rd2 c5 23. Nd6+ Kb8 24. Rdf2 Bxg2+ 25. Rxg2 Rh7 26. Nxb5 a5 27. Nd6
c3 28. bxc3 Qxc3 29. Rb1+ Ka7 30. Nb5+ 1-0

[Event "Titled Tue 20th May Early"]
[Site "chess.com INT"]
[Date "2025.05.20"]
[Round "6"]
[White "Petriashvili, Nikoloz"]
[Black "Hungaski, Robert"]
[Result "1-0"]
[WhiteTitle "IM"]
[BlackTitle "GM"]
[WhiteElo "2468"]
[BlackElo "2477"]
[WhiteFideId "13611216"]
[BlackFideId "2021030"]
[EventDate "2025.05.20"]

1. d4 e6 2. Na3 f5 3. c3 Nf6 4. Nf3 Be7 5. Bg5 Ne4 6. Bxe7 Qxe7 7. g3 O-O 8. Bg2
d5 9. O-O c6 10. Nc2 Bd7 11. Nb4 Be8 12. Nd3 Nd7 13. Nfe5 Nd6 14. Nxd7 Qxd7 15.
Ne5 Qc7 16. Qd2 Nf7 17. Nxf7 Bxf7 18. Qe3 Rae8 19. f4 h6 20. Rac1 Kh8 21. Bf3
Rg8 22. h4 g6 23. b3 Rg7 24. Kf2 Kg8 25. Rh1 Kf8 26. c4 Qd6 27. Qc3 g5 28. hxg5
hxg5 29. e3 Ke7 30. b4 Reg8 31. cxd5 exd5 32. b5 Be8 33. Qc5 Qxc5 34. Rxc5 gxf4
35. gxf4 Bd7 36. bxc6 bxc6 37. Ra5 Rb8 38. Rxa7 Rb2+ 39. Be2 Rc2 40. a4 c5 41.
dxc5 Rxc5 42. Bb5 Rc2+ 43. Kf3 Kd6 44. Rh6+ Kc5 45. Rc7+ Kb4 46. Rxc2 Be6 47.
Rxe6 d4 48. exd4 Ka5 49. d5 Rh7 50. d6 Rh3+ 51. Kg2 Ra3 52. d7 Rb3 53. d8=Q+ 1-0